000 00214nam a22000977a 4500
999 _c16003
_d16003
003 OSt
008 191025b ||||| |||| 00| 0 eng d
100 _aVarkey, Muttath.
_94465
245 _aMayiladum Kunnu
942 _cBK